000 00751nam a22002657a 4500
001 0030171
003 KOHA_MİRAKIL
005 20260207002721.0
007 ta
008 110518b1995 tu a|||gr||||#||||0|tur |
040 _aTR-BiSEU
_btur
_cTR-BiSEU
_erda
041 0 _atur
044 _ctu
050 _aTK7871
_b.T73 1995
245 0 _aTransistor karşılık tabloları.
264 1 _aİstanbul :
_bFono Açıköğretim Kurumu Yayınları
_c1995
300 _a432 sayfa :
_bres.
336 _ametin
_btxt
_2rdacontent
337 _aaracısız
_bn
_2rdamedia
338 _acilt
_bnc
_2rdacarrier
490 0 _aTeknik kitaplar dizisi
650 0 _aTransistörler--Tablolar.
_927371
830 0 _aTeknik kitaplar dizisi
_959471
942 _2lcc
_cBK
999 _c30091
_d30091